000 03676cam a22004574i 4500
003 PE-LiUPU
005 20250731165419.0
008 151214s2011 pe a grm 000 0 spa d
035 _a(Sirsi) a155503
040 _aPE-LiUPU
_bspa
_cPE-LiUPU
_erda
082 0 4 _a286.73204825
_bS11 T3
099 _aTT 3
_bS11 2011
100 1 _aSaavedra Saavedra, Joe,
_eautor
245 1 0 _aAutoconcepto y compromiso cristiano en jóvenes adventistas de la Universidad Peruana Unión, Filial Tarapoto, 2010 /
_cJoe Saavedra Saavedra.
264 0 _c2011.
300 _a146 hojas :
_bilustraciones;
_c28.5 cm
336 _atext
_2rdacontent
337 _aunmediated
_2rdamedia
338 _avolume
_2rdacarrier
502 _aTesis
_b(Mg.) --
_cUniversidad Peruana Unión,
_d2011.
504 _aIncluye referencias
520 3 _aLa presente investigación es de tipo descriptivo correlacional. Descriptivo, porque muestra la realidad o mide fielmente (describe) el fenómeno estudiado a partir de sus características. Y correlacional, porque pretende conocer la relación que existe entre el auto concepto y compromiso cristiano en un contexto particular. Además tiene un diseño no experimental, de corte transversal. La población de estudio está compuesta por los alumnos adventistas bautizados de la universidad Peruana Unión, filial Tarapoto, del año 2010, la misma está conformada por todas las carreras universitarias. La recolección de datos se realizó mediante una encuesta. Este instrumento, se divide en dos partes: la primera parte está en relación a la variable "autoconcepto" y se utilizó la Escala de Autoconcepto AFS García y Musitu; y la segunda, consideró la variable " compromiso cristiano", a través de un cuestionario de 22 preguntas. La investigación propone determinar la relación del autoconcepto y el compromiso cristiano en los jóvenes adventistas de la Universidad Peruana Unión, filial Tarapoto, año 2010. La definición conceptual de autoconcepto, según Shavelson, Hubnser y Stanton, citado por García y Misitu, señalan que el autoconcepto, es la percepción que el individuo tiene de sí mismo o bien se refiere a la totalidad de pensamientos y sentimientos del individuo con referencia a sí mismo. Además, elaboran el modelo jerárquico y multifacético, destacando la multidimensionalidad del autoconcepto; es decir, lo dividen en cinco dimensiones: social, emocional, familiar, físico y académico. Asimismo, compromiso cristiano, según las conclusiones del marco teórico, es la completa entrega y servicio a Dios que involucra fidelidad, devoción personal, participación en la iglesia, comportamiento y predicación del evangelio, y que en último término, se resume en la acción u obra misionera, siendo ésta el fin supremo del cristiano comprometido. En términos generales se concluye que existe una relación positiva entre el autoconcepto y el compromiso cristiano en los jóvenes adventistas de la Universidad Peruana Unión, filial Tarapoto, año 2010. Este resultado tiene su validez en las puntuaciones obtenidas del análisis estadístico.
526 _aSEG44
526 _aSEG26
526 _aP151
526 _aP150
526 _aP149
526 _aP146
526 _aP145
526 _aP126
526 _aP125
526 _aP92
526 _aP75
526 _aP74
526 _aP27
526 _aP15
650 1 4 _aVida cristiana
_xAdventistas del séptimo Día
_vTesis.
596 _a1
942 _2ddc
_cTESIS
999 _aTT 3 S11 2011
_wALPHANUM
_c8183
_iT01269
_d8183
_lCCODEBUL3
_mBUL
_q3
_r1
_sY
_tTESIS
_u2015-12-14
_xPOSGRADO
_PP85
_o.STAFF. Tesis
980 _81
_gALBERTO SANCHEZ Responsable de Automatización